Born in Indianapolis - Statistics

General Stats
  • This quiz has been taken 47 times
    12 since last reset
  • The average score is 8 of 26
Answer Stats
Hint Answer % Correct
Television host who hosted late night talk shows for 33 years from 1982 to 2015 on NBC and CBS 1947 David Letterman
80%
Former point guard who played most of his career for the Atlanta Hawks and Minnesota Timberwolves 1988 Jeff Teague
60%
Author, "The Fault in Our Stars" "Looking for Alaska" "Paper Towns" 1977 John Green
60%
American-Canadian actor, "The Mummy" "George of the Jungle" "Inkheart" 1968 Brendan Fraser
40%
Vice President from 1989 to 1993 and Senator from Indiana from 1981 to 1989 1947 Dan Quayle
40%
Head Coach of the Detroit Pistons from 2018 to 2023 and of the Toronto Raptors from 2011 to 2018 1957 Dwane Casey
40%
Shooting guard who plays for the Philadelphia 76ers and NBA Sixth Man of the Year 2017 1988 Eric Gordon
40%
Former small forward who played most notably for the Celtics, Jazz and Hornets 1990 Gordon Hayward
40%
Former tight end who played for the Indianapolis Colts 1990 Jack Doyle
40%
Author, "Slaughterhouse-Five" "The Sirens of Titan" 1922 Kurt Vonnegut
40%
Singer, "Whataya Want from Me" "Ghost Town" 1982 Adam Lambert
20%
Composer of "Take Me Out to the Ball Game" 1878 Albert Von Tilzer
20%
Middle- and long-distance runner who specializes in the 1500 meters and Olympic gold medal winner at the 2024 Summer Olympics 2001 Cole Hocker
20%
Actor, best known for portraying non-human creatures, "Pan's Labyrinth" "The Shape of Water" "Star Trek: Discovery" 1960 Doug Jones
20%
Governor of Indiana since 2017 1968 Eric Holcomb
20%
Gangster during the Great Depression, the Bureau of Investigation was evolved into the Federal Bureau of Investigation in response to the crimes of his gang 1903 John Dillinger
20%
GM of the Miami Marlins from 2021 to 2023 and the first woman to serve as GM in the Big Four Leagues 1968 Kim Ng
20%
Senator from Washington since 2001 1958 Maria Catwell
20%
Senator from Virginia since 2008 1954 Mark Warner
20%
Nobel Prize winning physicist and pioneer of the field of physics known as condensed matter physics 1923 Philip W. Anderson
20%
Senator from Indiana from 1977 to 2013 1932 Richard Lugar
20%
Chief of Staff since 2021 1961 Ron Klain
20%
Creator of "Glee" "American Horror Story" "9-1-1" and director of "Eat Pray Love" 1965 Ryan Murphy
20%
Founder of Chipotle 1965 Steve Ells
20%
Senator from Alaska from 1968 to 2009 1923 Ted Stevens
20%
Wide receiver who plays for the Washington Commanders 1995 Terry McLaurin
20%
No matching quizzes found
Score Distribution
Percent of People with Each Score
Percentile by Number Answered
Your Score History
You have not taken this quiz since the last reset